logo

Bir Sreshtho Munshi Abdur Rouf Library
Jhenaidah Cadet College

মানব মনস্তত্ত্বের কুরআনী ধারণা / (Record no. 13914)

MARC details
000 -LEADER
fixed length control field 00935nam a2200253 a 4500
001 - CONTROL NUMBER
JCCL Control Number 13914
003 - CONTROL NUMBER IDENTIFIER
JCCL marc code BD-JhCC
005 - DATE AND TIME OF LATEST TRANSACTION
control field 20240515091024.0
008 - FIXED-LENGTH DATA ELEMENTS--GENERAL INFORMATION
fixed length control field 210831b2024 bg |||| ||a| 000 0 ben d
020 ## - INTERNATIONAL STANDARD BOOK NUMBER
International Standard Book Number 9789849812982
035 ## - SYSTEM CONTROL NUMBER
system control number (BD-JhCC)13914
040 ## - CATALOGING SOURCE
Original cataloging agency BD-JhCC
Modifying agency BD-JhCC
041 ## - LANGUAGE CODE
Language code of Book Bengali
082 ## - DEWEY DECIMAL CLASSIFICATION NUMBER
DDC Edition number 23
Classification number 297.122
Author mark and Year HAQ 2024
245 ## - TITLE STATEMENT
Title মানব মনস্তত্ত্বের কুরআনী ধারণা /
Statement of responsibility, etc অনুবাদক: ইমদাদুল হক , সম্পাদক: জাফর আফাক আনসারী
260 ## - PUBLICATION, DISTRIBUTION, ETC. (IMPRINT)
Place of publication, distribution, etc ঢাকা:
Name of publisher, distributor, etc বিআইআইটি পাবলিকেশন;
Date of publication, distribution, etc ২০২৪.
300 ## - PHYSICAL DESCRIPTION
Pagination 116 p. :
Dimensions 22 cm.
650 ## - SUBJECT ADDED ENTRY--TOPICAL TERM
Topical term or geographic name as entry element Discussion on the Qur'an
650 ## - SUBJECT ADDED ENTRY--TOPICAL TERM
Topical term or geographic name as entry element Religious--Aspects --Islam
700 ## - ADDED ENTRY--PERSONAL NAME
Personal name হক,ইমদাদুল
700 ## - ADDED ENTRY--PERSONAL NAME
Personal name আনসারী, জাফর আফাক
942 ## - ADDED ENTRY ELEMENTS (KOHA)
Source of classification or shelving scheme Dewey Decimal Classification
Koha item type Books
Koha issues (borrowed), all copies 2
Holdings
Source of classification or shelving scheme Damaged status Not for loan Home library Current library Shelving location Date of accession Cost, normal purchase price Total Checkouts Full call number Barcode Date last seen Date checked out Copy number Method of acquisition Koha item type Currency
Dewey Decimal Classification     JCC Rouf Library JCC Rouf Library General Stacks   200.00 1 297.122 HAQ 2024 19628 08/28/2024 08/25/2024 C-1 Purchase Books BDT
Dewey Decimal Classification     JCC Rouf Library JCC Rouf Library General Stacks   200.00   297.122 HAQ 2024 19822 01/05/2025   C-2 Purchase Books BDT
Dewey Decimal Classification     JCC Rouf Library JCC Rouf Library General Stacks   200.00 1 297.122 HAQ 2024 19823 05/26/2025 04/28/2025 C-3 Purchase Books BDT
Dewey Decimal Classification     JCC Rouf Library JCC Rouf Library General Stacks   200.00   297.122 HAQ 2024 19824 01/05/2025   C-4 Purchase Books BDT
Dewey Decimal Classification     JCC Rouf Library JCC Rouf Library General Stacks   200.00   297.122 HAQ 2024 19825 01/05/2025   C-5 Purchase Books BDT
Dewey Decimal Classification     JCC Rouf Library JCC Rouf Library General Stacks   200.00   297.122 HAQ 2024 19826 01/05/2025   C-6 Purchase Books BDT

JCC Library | Contacts | JCC Home

Last Update on 23 September 2017
Copyright @ 2017-2020 JCC Rouf Library
Rouf Library, Jhenidah Cadet College (JCC), Bangladesh